| 000 | 02750nam0a2200397 4500 | ||
|---|---|---|---|
| 001 | RU\NLR\BIBL_A\012866178 | ||
| 005 | 20220906112738.0 | ||
| 010 |
_a978-5-907161-52-8 _91000 |
||
| 021 |
_aRU _bКН-П-22-037856 _9КН-П-22-3261 |
||
| 035 | _a(NLR Aleph) 012866178 | ||
| 035 | _a(RuMoRGB)011107574 | ||
| 090 |
_a12474860 _c12474860 |
||
| 100 | _a20220815d2022 c y0rusy50 ca | ||
| 101 | 0 | _arus | |
| 102 | _aRU | ||
| 105 | _aab z 000gy | ||
| 181 | 0 |
_ai3 _baxxe |
|
| 181 | 0 |
_ab2 _bxb2e |
|
| 182 | 0 | _an | |
| 200 | 1 |
_aСом в летнюю ночь _eстихи _e[для младшего и среднего школьного возраста] _fЭгвина Фет _gиллюстраторы: Валерия Чуйкова [и др.] |
|
| 203 |
_aТекст _aИзображение _bвизуальные _cнепосредственные |
||
| 210 |
_aСтаврополь _cСтавролит _d2022 |
||
| 215 |
_a67 с. _cцв. ил. _d25 _e1 отд. л. карт. |
||
| 225 | 1 | _aСерия "Стрекоза" | |
| 330 | _a"Сом в летнюю ночь" - книга в стихах для всех возрастов, повествование которой ведётся от лица морского котика. Содержит представления о его мировоззрении, а также тонкое исследование того, как и чем живёт современный звериный мир. И поскольку это исследование, то книга сопровождается пояснительными сносками, которые наносены на карту. Они составлены самим морским котиком и позволяют лучше раскрыть суть вещей. Герои книги - разные представители животного сообщества, объединяет их не только общая территория, но и общие желания и устремления. Помимо принятия коллективных решений, герои занимаются личностным ростом и пытаются ответить на вопросы, касающиеся их собственной идентичности. Как быть самим собой? | ||
| 333 | _a6+ | ||
| 686 | 0 | _aШ9(2)60=Р7-5 | |
| 686 | 0 | _aШ9(2)62=Р7-5 | |
| 700 | 1 |
_7ca _8rus _aФет _bЭ. _f1984- _gЭгвина _9217432 _3RU\NLR\AUTH\770217488 |
|
| 702 | 1 |
_aЧуйкова _bВ. _gВалерия _4440 |
|
| 942 | _cBOOK | ||
| 980 | _aNB | ||